[Event "HUN-chT2 Erkel 0809"]
[Site "Hungary"]
[Date "2008.11.30"]
[Round "3.7"]
[White "Kozma, Edit"]
[Black "Hoesch, Pal"]
[Result "1/2-1/2"]
[WhiteElo "2050"]
[BlackElo "2045"]
[PlyCount "26"]
[EventDate "2008.10.26"]
[EventType "tourn"]
[EventRounds "11"]
[EventCountry "HUN"]
[SourceTitle "EXT 2010"]
[Source "ChessBase"]
[SourceDate "2010.11.25"]
[SourceVersion "1"]
[SourceVersionDate "2010.11.25"]
[SourceQuality "1"]
[WhiteTeam "HASE II"]
[BlackTeam "Vaci"]
[WhiteTeamCountry "HUN"]
[BlackTeamCountry "HUN"]

1. e4 c5 2. Nf3 d6 3. d4 cxd4 4. Nxd4 Nf6 5. Nc3 a6 6. f4 e5 7. Nf3 Nc6 8. Bd3 g6 9. 0-0 Bg7 10. Kh1 0-0 11. Qe1 exf4 12. Bxf4 Ng4 13. Qg3 Nge5 1/2-1/2